Science Quiz

Random Science or Grab Bag Quiz

Anatomy 7-to-1 Quiz Stats

 Plays Quiz not verified by Sporcle

Score 0/28 Timer 06:00
9 Plays Today
% Correct
femur
97.4%
circulatory
95.4%
sternum
95.4%
digestive
95.2%
respiratory
94.8%
scapula
94.3%
patella
94.2%
saliva
94.1%
sweat
93.8%
liver
93.4%
cornea
93.4%
retina
93.3%
pectoralis major
93.2%
rectus abdominis
92.7%
% Correct
bile
92.5%
canine
92.2%
lymphatic
92%
molar
91.9%
incisor
91.7%
endocrine
90.2%
latissimus dorsi
90.2%
exocrine
84.7%
diaphragm
80.9%
incus
72.2%
trapezium
71.4%
cerumen
59.3%
vomer
52.6%
cricothyroid
36.8%

You're not logged in!

Compare scores with friends on all Sporcle quizzes.
OR
Log In

You Might Also Like...

Show Comments

Extras

Top Quizzes Today


Score Distribution

Your Account Isn't Verified!

In order to create a playlist on Sporcle, you need to verify the email address you used during registration. Go to your Sporcle Settings to finish the process.

Report this User

Report this user for behavior that violates our Community Guidelines.

Details: